El buscador / (Registro nro. 28)
[ vista simple ]
| 000 -LEADER | |
|---|---|
| fixed length control field | 01203nam a22002177a 4500 |
| 003 - CONTROL NUMBER IDENTIFIER | |
| control field | OSt |
| 005 - DATE AND TIME OF LATEST TRANSACTION | |
| control field | 20230710111918.0 |
| 008 - FIXED-LENGTH DATA ELEMENTS--GENERAL INFORMATION | |
| fixed length control field | 230705s2015 spa||||| |||| 00| 1 spa d |
| 020 ## - INTERNATIONAL STANDARD BOOK NUMBER | |
| International Standard Book Number | 9789500437929 |
| 040 ## - CATALOGING SOURCE | |
| Language of cataloging | spa |
| Transcribing agency | besoc |
| 100 1# - MAIN ENTRY--PERSONAL NAME | |
| Personal name | Quentin, Patrick |
| Relator term | autor |
| 245 10 - TITLE STATEMENT | |
| Title | El buscador / |
| Statement of responsibility, etc. | Patrick Quentin ; traducción de María Inés Bellocq |
| 250 ## - EDITION STATEMENT | |
| Edition statement | 1a ed. |
| 260 ## - PUBLICATION, DISTRIBUTION, ETC. | |
| Place of publication, distribution, etc. | Buenos Aires : |
| Name of publisher, distributor, etc. | Emecé, |
| Date of publication, distribution, etc. | 2015 |
| 300 ## - PHYSICAL DESCRIPTION | |
| Extent | 246 p. |
| 490 ## - SERIES STATEMENT | |
| Series statement | El séptimo círculo / colección creada por Jorge Luis Borges y Adolfo Bioy Casares |
| 520 ## - SUMMARY, ETC. | |
| Summary, etc. | El ingeniero Mark Liddon ha enviado un telegrama a Ellie, su mujer, anunciándoles su regreso para la víspera de Navidad. Cuando Mark Liddon llega, la casa está silenciosa y vacía, pero en el dormitorio de Ellie hay un hombre muerto. Ella ha desaparecido; Mark Liddon sabe que ella no puede ser la asesina; pero la conoce y comprende que ha huido, aterrada. Mark Liddon oculta el cadáver y emprende la búsqueda de su mujer; los azares de la aventura lo llevan a México, y a la oscuridad y al peligro [Nota del editor]. |
| 650 #4 - SUBJECT ADDED ENTRY--TOPICAL TERM | |
| Topical term or geographic name entry element | Literatura norteamericana |
| Form subdivision | Novelas |
| Chronological subdivision | Siglo XX |
| 700 1# - ADDED ENTRY--PERSONAL NAME | |
| Personal name | Bellocq, María Inés |
| Relator term | traductor |
| 942 ## - ADDED ENTRY ELEMENTS (KOHA) | |
| Source of classification or shelving scheme | Universal Decimal Classification |
| Koha item type | Obra General |
| Suppress in OPAC | No |
| Withdrawn status | Lost status | Source of classification or shelving scheme | Damaged status | Not for loan | Collection | Home library | Current library | Date acquired | Total checkouts | Full call number | Barcode | Date last seen | Price effective from | Koha item type |
|---|---|---|---|---|---|---|---|---|---|---|---|---|---|---|
| Universal Decimal Classification | Colección General | Biblioteca Escuela de Ciencias Sociales | Biblioteca Escuela de Ciencias Sociales | 10/07/2023 | 82-312.4(73) Q3 | 000660 | 10/07/2023 | 10/07/2023 | Obra General |